The Great Divide / (Record no. 592707)

000 -LEADER
fixed length control field 00632nam a22001457a 4500
003 - CONTROL NUMBER IDENTIFIER
control field NUST
005 - DATE AND TIME OF LATEST TRANSACTION
control field 20221216104619.0
008 - FIXED-LENGTH DATA ELEMENTS--GENERAL INFORMATION
fixed length control field 221216b ||||| |||| 00| 0 eng d
082 ## - DEWEY DECIMAL CLASSIFICATION NUMBER
Classification number 305.50973,STI
245 ## - TITLE STATEMENT
Title The Great Divide /
Statement of responsibility, etc. Joseph E. Stiglitz
260 ## - PUBLICATION, DISTRIBUTION, ETC.
Place of publication, distribution, etc. USA
Name of publisher, distributor, etc. Penguin Books
Date of publication, distribution, etc. 2015
300 ## - PHYSICAL DESCRIPTION
Extent xxvi, 428p.
505 ## - FORMATTED CONTENTS NOTE
Formatted contents note Introduction (Page-1), Big Think (Page-69), Dimensions of Inequality (Page-151), Causes of America,s Growing Inequality (Page-185), Consequences of Inequality (Page-211), Policy (Page-231), Regional Perspectives (Page-307), Putting America Back to Work (Page-373).
942 ## - ADDED ENTRY ELEMENTS (KOHA)
Source of classification or shelving scheme
Koha item type Book
Call number prefix 305.50973,STI
Holdings
Withdrawn status Lost status Source of classification or shelving scheme Damaged status Not for loan Permanent Location Current Location Shelving location Date acquired Total Checkouts Full call number Barcode Date last seen Price effective from Koha item type Public note
          Military College of Signals (MCS) Military College of Signals (MCS) General Stacks 12/16/2022   305.50973,STI MCS37620 12/16/2022 12/16/2022 Book Almirah No.49, Shelf No.2
© 2023 Central Library, National University of Sciences and Technology. All Rights Reserved.